Development Across The Life Span/ (Record no. 207197)

MARC details
000 -LEADER
fixed length control field 00798nam a22002177a 4500
005 - DATE AND TIME OF LATEST TRANSACTION
control field 20241129112642.0
010 ## - LCCN (DPL NO)
LC control number ENG-142721
020 ## - INTERNATIONAL STANDARD BOOK NUMBER
Terms of availability 860.00
International Standard Book Number 9789361593000
035 ## - SYSTEM CONTROL NUMBER
System control number EN-126253
037 ## - SOURCE OF ACQUISITION
Source of stock number/acquisition DBAD
082 ## - DEWEY DECIMAL CLASSIFICATION NUMBER
Classification number 338.1095475
Edition number 10
100 ## - MAIN ENTRY--PERSONAL NAME
Personal name Feldman, Robert S.
245 ## - TITLE STATEMENT
Title Development Across The Life Span/
Statement of responsibility, etc By Robert S. Feldman [and] Nandita Babu
250 ## - EDITION STATEMENT
Edition statement 10
260 ## - PUBLICATION, DISTRIBUTION, ETC. (IMPRINT)
Place of publication, distribution, etc Uttar Pradesh
Name of publisher, distributor, etc Pearson India Education Pvt Ltd
Date of publication, distribution, etc 2025
270 ## - ADDRESS
City Uttar Pradesh
Address 1st FLoor, Berger Tower, Plot No. C-001A/2, Sector-16B, Noida
Postal code 201301
300 ## - PHYSICAL DESCRIPTION
Extent xxvi,695p.
Dimensions 28cm(pb)
Other physical details Index
500 ## - GENERAL NOTE
General note Indian Sociocultural Context | Includes World Events (Covid-19 Pandemic)
700 ## - ADDED ENTRY--PERSONAL NAME
Personal name Babu, Nandita
Relator term Author
9 (RLIN) 74332
942 ## - ADDED ENTRY ELEMENTS (KOHA)
Source of classification or shelving scheme Dewey Decimal Classification
Item type English Books
Classification part 338.1095475
Call number suffix FEL
Edition 10
Holdings
Withdrawn status Lost status Not for loan Collection code Home library Current library Date acquired Source of acquisition Cost, normal purchase price Full call number Barcode Copy number Cost, replacement price Koha item type
      Non-fiction Sarojini Nagar Sarojini Nagar 29/11/2024 Delivery of Books Act Division 860.00 338.1095475 FEL EN-126253 1 860.00 English Books

© Delhi Public Library
Hit Counter
free hit counter